| 000 | 01175cad a22002535a 4500 | ||
|---|---|---|---|
| 001 | L153429 | ||
| 008 | 110725e20110722xxkd f s 000 0 eng d | ||
| 035 | _a(Sirsi) u153429 | ||
| 041 | 0 | _aeng | |
| 050 | 0 | 4 | _a333.33 $2 18 |
| 110 | 2 |
_aRoyal Institution of Chartered Surveyors _bEconomics _95033 |
|
| 245 | 0 | 0 |
_aRICS global real estate weekly _b22 July 2011 _h[electronic resource] |
| 260 |
_aLondon _bRICS _c2011 |
||
| 490 | 0 |
_aRICS Global Real Estate Weekly _v22 July 2011 |
|
| 520 | _aSome implications of Euro area financial contagion for property sector. Reserve Bank of India set to raise the repo rate again as inflation concerns persist. US housing sector still in the doldrums. Tightening mortgage market in Hong Kong. | ||
| 590 | _aKA | ||
| 650 | 2 | 4 | _aRICS GLOBAL REAL ESTATE WEEKLY |
| 651 | 4 | _aInternational | |
| 690 | _aBUILT ENVIRONMENT-CONSTRUCTION MARKET | ||
| 690 | _aPROPERTY-COMMERCIAL PROPERTY-COMMERCIAL PROPERTY MARKET | ||
| 690 | _aPROPERTY-RESIDENTIAL PROPERTY-RESIDENTIAL PROPERTY MARKET | ||
| 856 | 4 | 0 |
_hhttp://www.rics.org/site/download_feed.aspx?fileID=10021&fileExtension=PDF _zView the report free of charge at www.rics.org |
| 942 | _n0 | ||
| 999 |
_c112515 _d112515 |
||